Új kar új dékánnal három kérdés László Bélához

Podrobná bibliografia
Hlavný autor: László, V (Autor)
Ďalší autori: Nagy, Attila, 1975- (Tazateľ)
Médium: Článok
Jazyk:maďarčina
ISSN:1335-6445
Predmet:

MARC

LEADER 00000nab a2200000 a 4500
001 vtls000863547
003 SK-MaSNL
005 20260318124827.0
008 141024c2004 xo 0 hun
015 |a SNBRB2004/02-06279 
035 |a CLN000215106 
040 |a SNKBUCL  |b slo  |c SNKBUCL  |e AACR2 
041 0 |a hun 
044 |a xo  |c SK 
080 |a 378.4.096(437.6):371.13  |2 1997 
080 |a 371.13  |2 1997 
100 1 |a Nagy, Attila,  |d 1975-  |4 ivr  |9 107217 
245 1 0 |a Új kar új dékánnal  |b három kérdés László Bélához  |c [kérdezett] Nagy Attila 
610 7 |a Univerzita Konštantína Filozofa v Nitre.  |b Fakulta stredoeurópskych štúdií  |2 snkbucl  |9 180058 
655 7 |a články z novín a časopisov  |2 snkbucl  |9 267496 
700 1 |a László, V  |4 aut  |9 10521 
773 0 |t Katedra  |g Roč. 11, č. 5 (2004), s. 13  |x 1335-6445 
850 |a Slovenská národná knižnica v Martine 
852 |a SNK  |b KIS3GCP 
957 |a 403 
958 |a HU 
958 |a SK 
999 |c 2575802  |d 2577732